000 00412nam a2200133 a 4500
001 000030017
005 20200930060000.0
008 110428s1979 dr ac 000 0 spa d
040 _aDO-SdBNP
_bspa
_cBNPHU
082 _axxxx
_bO96
245 0 0 _aOviedo 25 aƱos : . :
_btrascendencia visual de una historia.
260 _aSanto Domingo, :
_bGaleria de Arte Moderno,
_c1979.
300 _a12 p. :
_bil., retrs. ;
_c28 cm.
999 _c29509
_d29509